| 000 | 00549nam a22001817a 4500 | ||
|---|---|---|---|
| 003 | CEME | ||
| 005 | 20210628210705.0 | ||
| 008 | 210211b xxu||||| |||| 00| 0 eng d | ||
| 020 | _a1-58053-008-7 | ||
| 040 | _c. | ||
| 082 | _a004.6 NOR | ||
| 100 |
_aPengelly, Alan Davis, Rob Norris, Mark _980563 |
||
| 245 | _aComponent-based network system engineering | ||
| 260 |
_aBOSTON _bARTECH HOUSE _c2000 |
||
| 300 | _aXIX,380P | ||
| 650 |
_aCOMPUTER SOFTWARE SYSTEMS ENGINEERING COMPUTER NERWORKS NETWORK SYSTEM ENGINEERING _980564 |
||
| 942 |
_cBK _2ddc |
||
| 999 |
_c585475 _d585475 |
||